|
|
|
|
| LEADER |
01448nam a2200397Ia 4500 |
| 001 |
EBC996457 |
| 003 |
MiAaPQ |
| 005 |
20200520144314.0 |
| 006 |
m o d | |
| 007 |
cr cn||||||||| |
| 008 |
120113s2012 caua sbe 001 0 eng d |
| 010 |
|
|
|z 2012001320
|
| 020 |
|
|
|z 9781412990813
|
| 020 |
|
|
|z 9781412990820
|
| 020 |
|
|
|z 9781412990813 (cloth)
|
| 020 |
|
|
|z 1412990815 (cloth)
|
| 035 |
|
|
|a (MiAaPQ)EBC996457
|
| 035 |
|
|
|a (Au-PeEL)EBL996457
|
| 035 |
|
|
|a (CaPaEBR)ebr10581300
|
| 035 |
|
|
|a (CaONFJC)MIL672670
|
| 035 |
|
|
|a (OCoLC)793340945
|
| 040 |
|
|
|a MiAaPQ
|c MiAaPQ
|d MiAaPQ
|
| 050 |
|
4 |
|a HD62.5
|b .E534 2012
|
| 082 |
0 |
4 |
|a 658.1/103
|2 23
|
| 245 |
0 |
0 |
|a Encyclopedia of new venture management
|h [electronic resource] /
|c [edited by] Matthew R. Marvel.
|
| 260 |
|
|
|a Thousand Oaks, Calif. :
|b SAGE,
|c c2012.
|
| 300 |
|
|
|a xxviii, 512 p. :
|b ill.
|
| 500 |
|
|
|a "A SAGE Reference Publication."
|
| 504 |
|
|
|a Includes bibliographical references and index.
|
| 533 |
|
|
|a Electronic reproduction. Ann Arbor, MI : ProQuest, 2015. Available via World Wide Web. Access may be limited to ProQuest affiliated libraries.
|
| 650 |
|
0 |
|a New business enterprises
|x Management
|v Encyclopedias.
|
| 650 |
|
0 |
|a Entrepreneurship
|v Encyclopedias.
|
| 655 |
|
4 |
|a Electronic books.
|
| 700 |
1 |
|
|a Marvel, Matthew R.
|
| 710 |
2 |
|
|a ProQuest (Firm)
|
| 856 |
4 |
0 |
|u https://ebookcentral.proquest.com/lib/matrademy/detail.action?docID=996457
|z Click to View
|